00507nam a22001697a 450000500170000002000370001704000320005408200150008610000180010124500660011926000390018530000210022450400520024554600080029765000150030570000170032020251010091431.0 a9788190678544cTZS 23,860.244 /= aMCCLbengeAACR 2nd rev.ed. a658.87 BAR aBarik, K. N.  a Retail management :bprinciples and practicesc/ K. N. Barik aNew Delhi :bManglam Pub.,cc2009. a264 p. :c23 cm. aIncludes bibliographical references and indexes aeng aManagement a K. N. Barik